Por la verdad y por el Rey / (Record no. 138633)

MARC details
000 -LEADER
campo de control de longitud fija 00616nam a2200169 i 4500
001 - NÚMERO DE CONTROL
campo de control 138633
003 - IDENTIFICADOR DE NÚMERO DE CONTROL
campo de control ES-MaACL
005 - FECHA Y HORA DE LA ÚLTIMA TRANSACCIÓN
campo de control 20230906195613.0
007 - CAMPO FIJO DE DESCRIPCIÓN FÍSICA--INFORMACIÓN GENERAL
campo de control de longitud fija t|
008 - DATOS DE LONGITUD FIJA--INFORMACIÓN GENERAL
campo de control de longitud fija 070214s1925 sp r ||||1| spa d
100 1# - ENTRADA PRINCIPAL--NOMBRE DE PERSONA
Nombre de persona Santander, Federico.
9 (RLIN) 103332
245 10 - MENCIÓN DEL TÍTULO
Título Por la verdad y por el Rey /
Mención de responsabilidad, etc. Federico Santander Ruiz-Giménez.
260 ## - PUBLICACIÓN, DISTRIBUCIÓN, ETC.
Lugar de publicación, distribución, etc. Madrid :
Nombre del editor, distribuidor, etc. [s. n.],
Fecha de publicación, distribución, etc. 1925 (
Fabricante Industrial Gráfica)
300 ## - DESCRIPCIÓN FÍSICA
Extensión 38 p. ;
Dimensiones 19 x 14 cm.
500 ## - NOTA GENERAL
Nota general Edición invendible, ejemplar nº 844 "Señores socios del Ateneo de Madrid" en cubierta posterior.
852 ## - LOCALIZACIÓN
Ubicación ES-MaACL
Número de control de estantería 1680-F-2
Nota libre .- Ejemplar numerado nº 844
Sublocalización o colección R.4883
Holdings
Estatus retirado Estado de pérdida Estado de daño No para préstamo Colección Biblioteca de origen Biblioteca actual Ubicación en estantería Fecha de adquisición Fuente de adquisición Total de préstamos Signatura topográfica completa Código de barras Visto por última vez Precio de reemplazo Tipo de ítem Koha
        Colección de folletos Biblioteca del Ateneo de Madrid Biblioteca del Ateneo de Madrid Depósito folletos 17/01/2008     1680-F-2 1144261 23/02/2023 23/02/2023 Folleto